| 000 | 00433cam a2200169ua 4500 | ||
|---|---|---|---|
| 001 | 12165 | ||
| 008 | 200226n ii |||gr||||Z||||||eng | ||
| 040 | _cMAIN | ||
| 082 | _a370.1 | ||
| 100 |
_aG C Phukan, _eAuthor. |
||
| 245 |
_aEducation manual assam : _bComments and case laws / _cBy G C Phukan . |
||
| 250 | _a4th ed. | ||
| 260 |
_aGuwahati: _bAssam law house, _c2016. |
||
| 300 | _a628p. | ||
| 653 | _aEducation | ||
| 942 | _cBK | ||
| 999 |
_c10925 _d10925 |
||